000 01013cam a2200325 i 4500
001 200468163
003 TR-AnTOB
005 20260417112506.0
007 ta
008 260417t19681962enk 000 1 eng
010 _a 86113328
035 _a520158
035 _a(TR-AnTOB)200468163
040 _aDLC
_beng
_erda
_cDLC
_dDLC
_dTR-AnTOB
041 0 _aeng
050 0 4 _aPS3552.E719
_bR4 1968
090 _aPS3552.E719
_bR4 1968
100 1 _aBerger, Thomas,
_d1924-2014
_eauthor
_4aut
_9153744
245 1 0 _aReinhart in love /
_cThomas Berger.
264 1 _aHarmondsworth :
_bPenguin Books ;
_aLondon :
_bEyre & Spottiswoode,
_c1968.
300 _a431 pages ;
_c18 cm
336 _atext
_btxt
_2rdacontent
337 _aunmediated
_bn
_2rdamedia
338 _avolume
_bnc
_2rdacarrier
650 0 _aMiddle class men
_vFiction
_9153750
655 7 _aFiction
_2lcgft
_0https://id.loc.gov/authorities/genreForms/gf2014026339
_9151487
942 _2lcc
_cBK
999 _c200468163
_d86375